000 00520nam a22001697a 4500
003 CEME
005 20210628210405.0
008 190408b xxu||||| |||| 00| 0 eng d
040 _cMANUAL
082 _a954.91 JAH'P
100 _aJAHAN, ROUNAQ
_946387
245 _aPAKISTAN FAILURE IN NATIONAL INTEGRATION
260 _aNEWYORK
_bCOLUMBIA UNIVERSITY PRESS
_c1972
300 _aIX, 248P
650 _aPAKISTAN ECONOMIC CONDITIONS PAKISTAN SOCIAL CONDITIONS PAKISTAN POLITICS AND GOVERNMENT
_979182
942 _cBK
_2ddc
999 _c584242
_d584242